[Event "AUS-ch U10"]
[Site "Wahroonga"]
[Date "2014.01.11"]
[Round "3"]
[White "Haralambopoulos, Nicholas"]
[Black "Baillie, Ethan"]
[Result "0-1"]
[WhiteElo "248"]
[BlackElo "445"]
[PlyCount "36"]
[EventDate "2014.01.11"]
[EventType "swiss"]
[EventRounds "9"]
[EventCountry "AUS"]
[SourceTitle "EXT 2020"]
[Source "ChessBase"]
[SourceDate "2019.10.17"]
[SourceVersion "1"]
[SourceVersionDate "2019.10.17"]
[SourceQuality "1"]

1. e4 e5 2. Nf3 Nc6 3. Bc4 Be7 4. 0-0 Nf6 5. Nc3 d6 6. d3 Be6 7. Bxe6 fxe6 8. Bg5 Qd7 9. Qe2 0-0-0 10. a4 Nd4 11. Nxd4 exd4 12. Nb5 a6 13. Na7+ Kb8 14. Ra3 Kxa7 15. Rb3 Qxa4 16. Qd2 d5 17. Ra1 Qxa1+ 18. Qe1 Qxe1# 0-1

[Event "AUS-ch U10"]
[Site "Wahroonga"]
[Date "2014.01.11"]
[Round "2"]
[White "Lin, Emily"]
[Black "Haralambopoulos, Nicholas"]
[Result "1-0"]
[WhiteElo "627"]
[BlackElo "248"]
[PlyCount "25"]
[EventDate "2014.01.11"]
[EventType "swiss"]
[EventRounds "9"]
[EventCountry "AUS"]
[SourceTitle "EXT 2020"]
[Source "ChessBase"]
[SourceDate "2019.10.17"]
[SourceVersion "1"]
[SourceVersionDate "2019.10.17"]
[SourceQuality "1"]

1. d4 d5 2. c4 dxc4 3. e3 Bd7 4. Bxc4 Bc6 5. d5 Bd7 6. Nf3 Bg4 7. Nc3 Bxf3 8. Qxf3 f6 9. e4 Nc6 10. dxc6 bxc6 11. e5 e6 12. Qxc6+ Ke7 13. Qxe6# 1-0